000 00344nam a2200145Ia 4500
008 230917s9999||||xx |||||||||||||| ||und||
040 _e110958
_aMAIN
041 _aEnglish
082 _a005.133 G959A
100 _aGupta, Gajendra
245 0 _aAdvance Java
260 _aNew Delhi
_bFirewall Media
_c2006
300 _a314 p.
942 _cBK
999 _c135487
_d135487